| 000 | 00576nam a2200241Ia 4500 | ||
|---|---|---|---|
| 005 | 20250425162002.0 | ||
| 008 | 250425s9999 xx 000 0 und d | ||
| 020 | _a958410022X | ||
| 041 | _aspa | ||
| 082 | _a658 | ||
| 100 | _aANZOLA ROJAS, SERVULO | ||
| 245 | 0 | _aINTRODUCCION A LA ADMINISTRACION:PROYECTOS | |
| 250 | _a1A ED. | ||
| 260 | _aBOGOTA | ||
| 260 |
_aColombia _bMCGRAW-HILL INTERAMERICANA _c2000 |
||
| 300 | _a144 | ||
| 650 | _aEMPRESAS | ||
| 650 | _aGESTION | ||
| 650 | _aPLANIFICACION | ||
| 650 | _aPRODUCCION | ||
| 942 | _c01 | ||
| 010 | _a38776 | ||
| 999 |
_c220136 _d220136 |
||